Bankové úvery pre podnikateľov
Návod ako získať bankový úver. Náležitosti, ktoré potrebujeme k žiadosti o poskytnutie úveru. Informácia o výške úveru, ktorú môže banka poskytnúť.
Salvato in:
| Autore principale: | |
|---|---|
| Natura: | Capitolo di libro |
| Lingua: | slovacco |
| Soggetti: | |
| Tags: |
Nessun Tag, puoi essere il primo ad aggiungerne!!
|
MARC
| LEADER | 00000naa a2200000 4500 | ||
|---|---|---|---|
| 001 | r049048 | ||
| 005 | 20230919121259.2 | ||
| 041 | 0 | |a slo | |
| 044 | |a SK | ||
| 245 | 1 | 0 | |a Bankové úvery pre podnikateľov |c Slavomír Záthurecký |
| 520 | |a Návod ako získať bankový úver. Náležitosti, ktoré potrebujeme k žiadosti o poskytnutie úveru. Informácia o výške úveru, ktorú môže banka poskytnúť. | ||
| 610 | 2 | 0 | |a bankovníctvo |
| 610 | 2 | 0 | |a banky |
| 610 | 2 | 0 | |a podnikatelia |
| 610 | 2 | 0 | |a podnikanie |
| 610 | 2 | 0 | |a úver |
| 610 | 2 | 0 | |a sadzby úrokové |
| 100 | 1 | |a Záthurecký, Slavomír | |